<?xml version="1.0" encoding="UTF-8"?>
<collection xmlns="http://www.loc.gov/MARC21/slim">
 <record>
  <leader>01045cam a2200241 7i4500</leader>
  <controlfield tag="001">0000125719</controlfield>
  <controlfield tag="005">20160607090000.0</controlfield>
  <controlfield tag="008">160419s20162016my ac         0     mayr  </controlfield>
  <datafield tag="020" ind1="#" ind2="0">
   <subfield code="a">9789670962078 </subfield>
  </datafield>
  <datafield tag="090" ind1="0" ind2="0">
   <subfield code="a">LB 2325 </subfield>
   <subfield code="b">.N62 2016</subfield>
  </datafield>
  <datafield tag="100" ind1="0" ind2="#">
   <subfield code="a">Nor Aieni Haji Mokhtar </subfield>
  </datafield>
  <datafield tag="245" ind1="1" ind2="0">
   <subfield code="a">Amanat tahun baharu Naib Canselor 2016 : </subfield>
   <subfield code="b">kesepakatan perancangan nilai kebersamaan pelaksanaan kecemerlangan  </subfield>
   <subfield code="c">Nor Aieni Haji Mokhtar.</subfield>
  </datafield>
  <datafield tag="260" ind1="#" ind2="#">
   <subfield code="a">Terengganu: </subfield>
   <subfield code="b">Penerbit Universiti Malaysia Terengganu, </subfield>
   <subfield code="c">2016.</subfield>
  </datafield>
  <datafield tag="300" ind1="#" ind2="#">
   <subfield code="a">vii, 57 p.: </subfield>
   <subfield code="b">ill.; </subfield>
   <subfield code="c">23 cm..</subfield>
  </datafield>
  <datafield tag="590" ind1="#" ind2="#">
   <subfield code="a">Perpustakaan Sultanah Nur Zahirah</subfield>
  </datafield>
  <datafield tag="650" ind1="0" ind2="0">
   <subfield code="a">Universities and colleges -- </subfield>
   <subfield code="z">Terengganu </subfield>
  </datafield>
  <datafield tag="650" ind1="0" ind2="0">
   <subfield code="a">Education, higher -- </subfield>
   <subfield code="x">Aims and objectives -- </subfield>
   <subfield code="z">Terengganu </subfield>
  </datafield>
  <datafield tag="651" ind1="0" ind2="0">
   <subfield code="a">Universiti Malaysia Terengganu </subfield>
  </datafield>
  <datafield tag="710" ind1="2" ind2="1">
   <subfield code="a">Universiti Malaysia Terengganu </subfield>
  </datafield>
  <datafield tag="999" ind1=" " ind2=" ">
   <subfield code="a">1100096026</subfield>
   <subfield code="b">Book</subfield>
   <subfield code="c">Open Shelf</subfield>
   <subfield code="e">KOLEKSI TERBUKA</subfield>
  </datafield>
  <datafield tag="999" ind1=" " ind2=" ">
   <subfield code="a">1100096025</subfield>
   <subfield code="b">Book</subfield>
   <subfield code="c">Open Shelf</subfield>
   <subfield code="e">KOLEKSI TERBUKA</subfield>
  </datafield>
  <datafield tag="999" ind1=" " ind2=" ">
   <subfield code="a">1100096024</subfield>
   <subfield code="b">Book</subfield>
   <subfield code="c">Koleksi Arkib</subfield>
   <subfield code="e">BILIK ARKIB</subfield>
  </datafield>
  <datafield tag="999" ind1=" " ind2=" ">
   <subfield code="a">1100096023</subfield>
   <subfield code="b">Book</subfield>
   <subfield code="c">Koleksi Arkib</subfield>
   <subfield code="e">BILIK ARKIB</subfield>
  </datafield>
 </record>
</collection>
